Comuníquese para inspirar : (Registro nro. 4456)
[ vista simple ]
| 000 -LEADER | |
|---|---|
| fixed length control field | 01413nam a2200301Ia 4500 |
| 003 - CONTROL NUMBER IDENTIFIER | |
| control field | OSt |
| 005 - DATE AND TIME OF LATEST TRANSACTION | |
| control field | 20201013154107.0 |
| 008 - FIXED-LENGTH DATA ELEMENTS--GENERAL INFORMATION | |
| fixed length control field | 191128s2018 ck ad gr 000 0 spa d |
| 020 ## - INTERNATIONAL STANDARD BOOK NUMBER | |
| International Standard Book Number | 9789583056482 |
| 040 ## - CATALOGING SOURCE | |
| Original cataloging agency | CO-JMCR |
| Transcribing agency | CO-JMCR |
| 041 0# - LANGUAGE CODE | |
| Language code of text/sound track or separate title | spa |
| 082 04 - DEWEY DECIMAL CLASSIFICATION NUMBER | |
| Classification number | 658.4 / |
| Item number | M981c |
| Edition number | 23 |
| 100 1# - MAIN ENTRY--PERSONAL NAME | |
| Personal name | Murray, Kevin, |
| Relator term | autor |
| 9 (RLIN) | 11421 |
| 245 10 - TITLE STATEMENT | |
| Title | Comuníquese para inspirar : |
| Remainder of title | una guía para líderes / |
| Statement of responsibility, etc. | Kevin Murray ; traducción al inglés, Andrea Moure |
| 250 ## - EDITION STATEMENT | |
| Edition statement | Primera edición |
| 260 ## - PUBLICATION, DISTRIBUTION, ETC. | |
| Place of publication, distribution, etc. | Bogotá : |
| Name of publisher, distributor, etc. | Panamericana, |
| Date of publication, distribution, etc. | 2018. |
| 300 ## - PHYSICAL DESCRIPTION | |
| Extent | 392 páginas : |
| Other physical details | gráficos a blanco y negro ; |
| Dimensions | 21 cm. |
| 490 0# - SERIES STATEMENT | |
| Series statement | Temas gerenciales |
| 500 ## - GENERAL NOTE | |
| General note | Incluye índice análitico. |
| 505 0# - FORMATTED CONTENTS NOTE | |
| Formatted contents note | El liderazgo en el era de la transparencia -- El líder dentro de la organización -- Conéctese con las emociones que impulsan los comportamientos -- El líder fuera de la organización -- Hora de armarel rompecabezas |
| 520 0# - SUMMARY, ETC. | |
| Summary, etc. | Los líderes deben inspirar a otros para tener éxito y lograr buenos resultados, pero en muchas ocasiones desconocen las habilidades de comunicación necesarias para ser inspiradores, ser auténticos, generan empatía y compromiso. |
| 650 24 - SUBJECT ADDED ENTRY--TOPICAL TERM | |
| Topical term or geographic name entry element | Liderazgo |
| 9 (RLIN) | 11422 |
| 650 24 - SUBJECT ADDED ENTRY--TOPICAL TERM | |
| Topical term or geographic name entry element | Comunicación organizacional |
| 9 (RLIN) | 338 |
| 650 24 - SUBJECT ADDED ENTRY--TOPICAL TERM | |
| Topical term or geographic name entry element | Efectividad organizacional |
| 9 (RLIN) | 11423 |
| 650 24 - SUBJECT ADDED ENTRY--TOPICAL TERM | |
| Topical term or geographic name entry element | Liderazgo empresarial |
| 9 (RLIN) | 222 |
| 700 1# - ADDED ENTRY--PERSONAL NAME | |
| Personal name | Moure, Andrea, |
| Relator term | traductora |
| 9 (RLIN) | 11424 |
| 942 ## - ADDED ENTRY ELEMENTS (KOHA) | |
| Source of classification or shelving scheme | Dewey Decimal Classification |
| Koha item type | Books |
| Withdrawn status | Lost status | Source of classification or shelving scheme | Materials specified (bound volume or other part) | Damaged status | Not for loan | Home library | Current library | Shelving location | Date acquired | Source of acquisition | Total Checkouts | Full call number | Barcode | Date last seen | Date last checked out | Copy number | Price effective from | Koha item type |
|---|---|---|---|---|---|---|---|---|---|---|---|---|---|---|---|---|---|---|
| Dewey Decimal Classification | Donación--10/11/2019-- | Biblioteca Pública José María del Castillo y Rada | Biblioteca Pública José María del Castillo y Rada | General Stacks | 11/28/2019 | Donación | 8 | 658.4 / M981c | 201809324 | 10/15/2025 | 10/08/2025 | Ej.1 | 11/28/2019 | Books |